Las Sociedades Rurales Hoy /

Gardado en:
Detalles Bibliográficos
Autor Principal: Zepeda Patterson, Jorge (coord.)
Formato: Libro
Idioma:Lingua castelá
Publicado: Zamora, México : México : El Colegio de Michoacán ; Consejo Nacional de Ciencia y Tecnología, 1988
Temas:
Etiquetas: Engadir etiqueta
Sen Etiquetas, Sexa o primeiro en etiquetar este rexistro!

MARC

LEADER 00000nam^a2200000^a^4500
001 000023830
005 20250521000000.0
009 20260526113841.086
020 |a 968-7230-45-2 
037 |a Acervo ITESO - Biblioteca 
041 |a ESP 
082 |a 307. 72  |b ZEP 
100 |a Zepeda Patterson, Jorge  |e (coord.) 
245 1 4 |a Las Sociedades Rurales Hoy /  |c J. Zepeda Patterson (Coord.). 
264 1 |a Zamora, México :  |b El Colegio de Michoacán ;  |a México :  |b Consejo Nacional de Ciencia y Tecnología,  |c 1988 
300 |a 552 p. 
336 |a texto  |b txt  |2 rdacontenido 
337 |a sin mediación  |b n  |2 rdamedio 
338 |a volumen  |b nc  |2 rdasoporte 
649 |a XX 
650 |a Sociología Rural -  |z México 
650 |a Migración 
650 |a Campesinos 
650 |a Zonas Rurales 
910 |a Fondo General 
920 |a Impresos - Libros 
930 |a Colección General 
905 |a 101 
901 |a 0238300100  |b IT1  |c ACC  |i 023830  |u 20250521 
902 |a https://opac.biblio.iteso.mx/vufind/Record/000023830